| 000 | 00791nam a22002057a 4500 | ||
|---|---|---|---|
| 003 | BCEG | ||
| 005 | 20260112175009.0 | ||
| 008 | 260112s1999 mx|||||| |||| 00| 0 spa d | ||
| 040 |
_aBCEG _bspa _cBCEG |
||
| 082 | 0 | 4 |
_a337.1980 _bY241i |
| 100 | 1 | _aYanza Vidal, Edgar Alberto. | |
| 245 | 1 | 3 |
_aLa integración latinoamericana _b: un largo camino por recorrer. |
| 260 |
_aMéxico : _bInstituto Tecnológico y de Estudios Superiores de Monterrey, Centro de Investigaciones en Ciencias Sociales y Humanidades, Campus Ciudad de México, _c1999. |
||
| 300 | _a29 p. | ||
| 490 |
_aLecturas en Humanidades ; _v12. |
||
| 500 | _aCon dedicatoria a Célica Esther Cánovas por parte del autor Edgar Yanza. | ||
| 541 | _aDonación. | ||
| 650 | 1 | 4 |
_aIntegración regional _zAmérica Latina. |
| 942 | _cBK | ||
| 999 |
_c436982 _d436982 |
||